| 000 -LEADER |
| fixed length control field |
01368 a2200265 4500 |
| 003 - CONTROL NUMBER IDENTIFIER |
| control field |
Nust |
| 005 - DATE AND TIME OF LATEST TRANSACTION |
| control field |
20220802102047.0 |
| 010 ## - LIBRARY OF CONGRESS CONTROL NUMBER |
| LC control number |
99057532 |
| 020 ## - INTERNATIONAL STANDARD BOOK NUMBER |
| International Standard Book Number |
0471349410 (alk. paper) |
| 040 ## - CATALOGING SOURCE |
| Transcribing agency |
Nust |
| 082 00 - DEWEY DECIMAL CLASSIFICATION NUMBER |
| Classification number |
620.0045,RIG |
| 100 1# - MAIN ENTRY--PERSONAL NAME |
| Personal name |
Rigdon, Steven E., |
| 9 (RLIN) |
96218 |
| 245 10 - TITLE STATEMENT |
| Title |
Statistical methods for the reliability of repairable systems / |
| Statement of responsibility, etc. |
Steven E. Rigdon, Asit P. Basu. |
| 260 ## - PUBLICATION, DISTRIBUTION, ETC. |
| Place of publication, distribution, etc. |
New York : |
| Name of publisher, distributor, etc. |
Wiley, |
| Date of publication, distribution, etc. |
2000. |
| 300 ## - PHYSICAL DESCRIPTION |
| Extent |
xii, 281 p. : |
| Other physical details |
ill. ; |
| Dimensions |
25 cm. |
| 440 #0 - SERIES STATEMENT/ADDED ENTRY--TITLE |
| Title |
Wiley series in probability and statistics |
| 9 (RLIN) |
11039 |
| 505 ## - FORMATTED CONTENTS NOTE |
| Formatted contents note |
Terminology and Notation for Repairable Systems (Page-1), Probabilistic Models: The Poisson Process (Page-33), Probabilistic Medals: Renewal and Other Processes (Page-65), Analyzing Data from a Signal Repairable System (Page-87), Analyzing Data from Multiple Repairable Systems (Page-181), Appendix a Tables (Page-229). |
| 650 #0 - SUBJECT ADDED ENTRY--TOPICAL TERM |
| Topical term or geographic name entry element |
Maintainability (Engineering) |
| General subdivision |
Statistical methods. |
| 9 (RLIN) |
96219 |
| 650 #0 - SUBJECT ADDED ENTRY--TOPICAL TERM |
| Topical term or geographic name entry element |
Reliability (Engineering) |
| General subdivision |
Statistical methods. |
| 9 (RLIN) |
55533 |
| 700 1# - ADDED ENTRY--PERSONAL NAME |
| Personal name |
Basu, Asit P. |
| 9 (RLIN) |
96220 |
| 856 42 - ELECTRONIC LOCATION AND ACCESS |
| Materials specified |
Contributor biographical information |
| Uniform Resource Identifier |
<a href="http://www.loc.gov/catdir/bios/wiley043/99057532.html">http://www.loc.gov/catdir/bios/wiley043/99057532.html</a> |
| 856 42 - ELECTRONIC LOCATION AND ACCESS |
| Materials specified |
Publisher description |
| Uniform Resource Identifier |
<a href="http://www.loc.gov/catdir/description/wiley035/99057532.html">http://www.loc.gov/catdir/description/wiley035/99057532.html</a> |
| 856 42 - ELECTRONIC LOCATION AND ACCESS |
| Materials specified |
Table of Contents |
| Uniform Resource Identifier |
<a href="http://www.loc.gov/catdir/toc/onix06/99057532.html">http://www.loc.gov/catdir/toc/onix06/99057532.html</a> |
| 942 ## - ADDED ENTRY ELEMENTS (KOHA) |
| Koha item type |
Reference |
| Source of classification or shelving scheme |
|